Scottish Premiership Teams - SOCCER 2021/22 - Statistics

General Stats
  • This quiz has been taken 46 times
  • The average score is 9 of 12
Answer Stats
TEAM % Correct
2 CELTIC
100%
1 RANGERS
98%
7 ABERDEEN
95%
3 HEARTS
93%
11 DUNDEE
90%
6 HIBERNIAN
85%
5 MOTHERWELL
78%
8 ST MIRREN
73%
4 DUNDEE UNITED
68%
9 ST JOHNSTONE
60%
12 ROSS COUNTY
53%
10 LIVINGSTON
50%
No matching quizzes found
Score Distribution
Percent of People with Each Score
Percentile by Number Answered
Your Score History
You have not taken this quiz